Prisoners' self-help litigation manual / (Record no. 718)

MARC details
000 -LEADER
fixed length control field 01202cam a2200301 a 4500
005 - DATE AND TIME OF LATEST TRANSACTION
control field 20260322212031.0
008 - FIXED-LENGTH DATA ELEMENTS--GENERAL INFORMATION
fixed length control field data
010 ## - LIBRARY OF CONGRESS CONTROL NUMBER
LC control number 2010012899
020 ## - INTERNATIONAL STANDARD BOOK NUMBER
International Standard Book Number 9780195374407 (pbk. : alk. paper)
020 ## - INTERNATIONAL STANDARD BOOK NUMBER
International Standard Book Number 0195374401
040 ## - CATALOGING SOURCE
Original cataloging agency DLC
Transcribing agency DLC
042 ## - AUTHENTICATION CODE
Authentication code pcc
043 ## - GEOGRAPHIC AREA CODE
Geographic area code n-us---
050 00 - LIBRARY OF CONGRESS CALL NUMBER
Classification number KF9731
Item number .M36 2010
082 00 - DEWEY DECIMAL CLASSIFICATION NUMBER
Classification number 344.7303/56
Edition information 22
092 ## - LOCALLY ASSIGNED DEWEY CALL NUMBER (OCLC)
Classification number 344.73 M36 2010
001 - CONTROL NUMBER
control field data
100 1# - MAIN ENTRY--PERSONAL NAME
Personal name Boston, John,
Dates associated with a name 1948-
245 10 - TITLE STATEMENT
Title Prisoners' self-help litigation manual /
Statement of responsibility, etc. John Boston & Daniel E. Manville.
250 ## - EDITION STATEMENT
Edition statement 4th ed.
260 ## - PUBLICATION, DISTRIBUTION, ETC.
Place of publication, distribution, etc. New York :
-- New York :
Name of publisher, distributor, etc. Oceana,
Date of publication, distribution, etc. c2010.
300 ## - PHYSICAL DESCRIPTION
Extent xv, 928 p. :
Other physical details forms ;
Dimensions 28 cm.
500 ## - GENERAL NOTE
General note Includes index.
505 0# - FORMATTED CONTENTS NOTE
Formatted contents note Introduction : using this manual and using the courts -- Conditions of confinement -- Civil liberties in prison -- Procedural due process -- Equal protection of the laws -- Pre-trial detainee's rights -- The legal system -- Actions, defenses, and relief -- The prison litigation reform act -- How to litigate -- Legal research -- Writing legal documents.
650 #0 - SUBJECT ADDED ENTRY--TOPICAL TERM
Topical term or geographic name entry element Prisoners
General subdivision Legal status, laws, etc.
Geographic subdivision United States.
650 #0 - SUBJECT ADDED ENTRY--TOPICAL TERM
Topical term or geographic name entry element Actions and defenses
Geographic subdivision United States.
700 1# - ADDED ENTRY--PERSONAL NAME
Personal name Manville, Daniel E.
Holdings
Withdrawn status Lost status Damaged status Not for loan Home library Current library Shelving location Date acquired Total checkouts Full call number Barcode Date last seen Price effective from Koha item type
        Liberty Liberty General stacks 22/03/2026   344.7303/56 22 BC0010735 22/03/2026 22/03/2026 Books